Sports Quiz

Random Sports or NBA Quiz

2014 NBA Award Winners Quiz Stats

Quiz not verified by Sporcle

Challenge
Share
Tweet
Embed
Score 0/10 Timer 04:00
0 Plays Today
Awards Players % Correct
Most Valuable PlayerKevin Durant
100%
Rookie of the YearMichael-Carter Williams
78.4%
Sixth Man of the YearJamal Crawford
77.8%
Defensive Player of the YearJoakim Noah
73.9%
2014 All-Star Game MVPKyrie Irving
62.1%
Most Improved Player of the YearGoran Dragic
54.9%
Coach of the YearGregg Popovich
50.3%
Executive of the YearR.C Buford
17%
J.Walter Kennedy Citzenship Award Luol Deng
6.5%
Sportsmanship AwardMike Conley Jr.
3.9%

You're not logged in!

Compare scores with friends on all Sporcle quizzes.
Sign Up with Email
OR
Log In

You Might Also Like...

Show Comments

Extras

Top Quizzes Today


Score Distribution

Your Account Isn't Verified!

In order to create a playlist on Sporcle, you need to verify the email address you used during registration. Go to your Sporcle Settings to finish the process.

Report this User

Report this user for behavior that violates our Community Guidelines.

Details: